Induced compton scattering by relativistic electrons in magnetized astrophysical plasmas. (Record no. 11369)
[ view plain ]
| 000 -LEADER | |
|---|---|
| fixed length control field | 00635nam a2200181Ia 4500 |
| 003 - CONTROL NUMBER IDENTIFIER | |
| control field | IN-BaIIA |
| 008 - FIXED-LENGTH DATA ELEMENTS--GENERAL INFORMATION | |
| fixed length control field | 211028s9999 xx 000 0 eng d |
| 040 ## - CATALOGING SOURCE | |
| Transcribing agency | IIA Library |
| 080 ## - UNIVERSAL DECIMAL CLASSIFICATION NUMBER | |
| Universal Decimal Classification number | 043:524-726 |
| Item number | SIN |
| 100 ## - MAIN ENTRY--PERSONAL NAME | |
| Personal name | Sincell Mark, William |
| 9 (RLIN) | 19556 |
| 245 #0 - TITLE STATEMENT | |
| Title | Induced compton scattering by relativistic electrons in magnetized astrophysical plasmas. |
| Statement of responsibility, etc. | William Sincell Mark |
| 260 ## - PUBLICATION, DISTRIBUTION, ETC. | |
| Place of publication, distribution, etc. | Michigan |
| Name of publisher, distributor, etc. | UMI Dissertations Series |
| Date of publication, distribution, etc. | 1994 |
| 300 ## - PHYSICAL DESCRIPTION | |
| Extent | ix,109p. |
| 650 ## - SUBJECT ADDED ENTRY--TOPICAL TERM | |
| Topical term or geographic name entry element | Astrophysical Plasmas |
| 9 (RLIN) | 18824 |
| 650 ## - SUBJECT ADDED ENTRY--TOPICAL TERM | |
| Topical term or geographic name entry element | Compton scattering |
| 9 (RLIN) | 9673 |
| 650 ## - SUBJECT ADDED ENTRY--TOPICAL TERM | |
| Topical term or geographic name entry element | Relativistic Electrons |
| 9 (RLIN) | 19557 |
| 942 ## - ADDED ENTRY ELEMENTS (KOHA) | |
| Koha item type | Books |
| Withdrawn status | Lost status | Damaged status | Not for loan | Home library | Current library | Shelving location | Date acquired | Total Checkouts | Full call number | Barcode | Date last seen | Price effective from | Koha item type |
|---|---|---|---|---|---|---|---|---|---|---|---|---|---|
| IIA Library-Bangalore | IIA Library-Bangalore | General Stacks | 25/09/1995 | 043:524-726/ SIN | 12284 | 05/11/2021 | 25/09/1995 | Books |